Post-infectional changes of enzymes and proteins in Hevea brasiliensis and their role in resistance to Corynespora cassiicola (Record no. 65361)

MARC details
000 -LEADER
fixed length control field 00698nam a2200193Ia 4500
100 ## - MAIN ENTRY--AUTHOR NAME
Personal name Suresh Kumar K K
245 #0 - TITLE STATEMENT
Title Post-infectional changes of enzymes and proteins in Hevea brasiliensis and their role in resistance to Corynespora cassiicola
260 ## - PUBLICATION, DISTRIBUTION, ETC. (IMPRINT)
Name of publisher Preprints of Papers. International Natural Rubber Conference 13-14 November 2006, Vietnam, pp.440-449.
650 ## - SUBJECT ADDED ENTRY--TOPICAL TERM
Topical Term Amino acids
650 ## - SUBJECT ADDED ENTRY--TOPICAL TERM
Topical Term Cinnamyl alcohol dehydrogenase
650 ## - SUBJECT ADDED ENTRY--TOPICAL TERM
Topical Term Corynespora cassiicola
650 ## - SUBJECT ADDED ENTRY--TOPICAL TERM
Topical Term Host defense
650 ## - SUBJECT ADDED ENTRY--TOPICAL TERM
Topical Term Phenylalanine ammonia lyase
650 ## - SUBJECT ADDED ENTRY--TOPICAL TERM
Topical Term Proteins
650 ## - SUBJECT ADDED ENTRY--TOPICAL TERM
Topical Term Tryosine ammonia lyase
700 ## - ADDED ENTRY--PERSONAL NAME
Personal name Jacob C K
942 ## - ADDED ENTRY ELEMENTS (KOHA)
Koha item type Journals
Holdings
Withdrawn status Lost status Damaged status Not for loan Home library Current library Shelving location Date acquired Koha item type
      Journals RRII Library RRII Library Mycology 13/02/2007 Journals